|
|
|
|
| LEADER |
00000nam a2200000 a 4500 |
| 001 |
vtls001057491 |
| 003 |
SK-MaSNL |
| 005 |
20260301050833.0 |
| 008 |
251124s1883 xx 0 ger |
| 035 |
|
|
|a SNK000000291
|
| 040 |
|
|
|a SNK
|b slo
|c SNK
|e AACR2
|
| 041 |
0 |
|
|a ger
|
| 044 |
|
|
|a xx
|
| 080 |
|
|
|a 286(436)(091)"1526/1785"(093)
|2 1981
|
| 100 |
1 |
|
|a Beck, Josef
|4 aut
|9 357137
|
| 245 |
1 |
4 |
|a Die Geschichts-Bücher der Wiedertäufer in Oesterreich-Ungarn, betreffend deren Schicksale in der Schweiz, Salzburg, Ober- und Nieder- Oesterreich, mähren, Tirol, Böhmen, Süd- Deutschland, Ungarn, Siebenbürgen uns Süd-Russland in der Zeit von 1526- 1785
|c Gesammelt, erläautert und ergänzt durch Josef Beck
|
| 260 |
|
|
|a Wien
|b Carl Gerold
|c 1883
|f Adolf Holzhausen
|
| 300 |
|
|
|a 50, 654 s.
|c 8°
|
| 490 |
0 |
|
|a Fontes rerum Austriacarum
|v Abtheil. 2. Bd. 43, Diplomataria et acta
|
| 648 |
|
7 |
|a 1526-1785
|2 SNK
|9 357138
|
| 650 |
0 |
7 |
|a baptisti
|2 SNKPH
|9 180769
|
| 650 |
0 |
7 |
|a dejiny
|2 SNKPH
|9 3825
|
| 651 |
|
7 |
|a Rakúsko
|2 SNKPHgeo
|9 18533
|
| 655 |
|
7 |
|a pramene
|2 SNKPH
|9 70564
|
| 958 |
|
|
|a ONDV
|
| 958 |
|
|
|a RK
|
| 999 |
|
|
|c 601913
|d 603843
|
| 952 |
|
|
|t P60, <04>, [BOOK], {604}
|a SNK
|b SNK
|y VYP
|7 0
|o snkIC 47729
|i snkV 3367/70
|0 0
|1 0
|4 0
|d 1995-02-02
|l 0
|r 2004-12-31 00:00:00
|w 2026-02-23
|